00583cam a22001694a 4500020002200000040000800022082002600030245008600056250001200142260004700154300003400201650002100235700002100256700002000277856006200297856005400359 a0767416384 (pbk.) cDLC00a361 MAY 2001 A019 Or.00aReading between the lines :btoward an understanding of current social problems / a2nd ed. aMountain View, Calif. :bMayfield,cc2001. axiv, 576 p. :bill. ;c24 cm. 0aSocial problems.1 aKonradi, Amanda.1 aSchmidt, Martha42uhttp://www.loc.gov/catdir/description/mh024/00029224.html41uhttp://www.loc.gov/catdir/toc/mh023/00029224.html